Welcome to CU Library Online Public Access Catalogue (OPAC)

Medical Surgical Nursing/ (Record no. 491)

MARC details
000 -LEADER
fixed length control field 00497nam a22001817a 4500
005 - DATE AND TIME OF LATEST TRANSACTION
control field 20241031173840.0
008 - FIXED-LENGTH DATA ELEMENTS--GENERAL INFORMATION
fixed length control field 241031b |||||||| |||| 00| 0 eng d
020 ## - INTERNATIONAL STANDARD BOOK NUMBER
International Standard Book Number 9789996002328
050 ## - LIBRARY OF CONGRESS CALL NUMBER
Classification number RT41.
Item number L87 BLA
100 ## - MAIN ENTRY--PERSONAL NAME
Personal name Black, Joyce M.
245 ## - TITLE STATEMENT
Title Medical Surgical Nursing/
Remainder of title Clinical management for positive outcomes
250 ## - EDITION STATEMENT
Edition statement 7th
260 ## - PUBLICATION, DISTRIBUTION, ETC.
Place of publication, distribution, etc. USA
Name of publisher, distributor, etc. Elsever Saunders
Date of publication, distribution, etc. c2005
300 ## - PHYSICAL DESCRIPTION
Extent xi, 2512p
500 ## - GENERAL NOTE
General note Includes Index
700 ## - ADDED ENTRY--PERSONAL NAME
Personal name Hawks, Jane Hokanson
942 ## - ADDED ENTRY ELEMENTS (KOHA)
Source of classification or shelving scheme Library of Congress Classification
Koha item type Books
Suppress in OPAC No
999 ## -
-- 491
-- 491
Holdings
Withdrawn status Lost status Source of classification or shelving scheme Damaged status Not for loan Collection Home library Current library Shelving location Date acquired Total checkouts Full call number Barcode Date last seen Copy number Price effective from Koha item type
    Library of Congress Classification     Non-fiction Undergraduate Library (Christ Temple) Undergraduate Library (Christ Temple) General stacks 10/31/2024   RT41.L87 BLA ulct00000120 10/31/2024 1 10/31/2024 Books
© 2023-2024 Copyright: Central University Libraries. All Rights Reserved | Created by: Mahone Tech Office